Statistiques concernant Quizlendrier de l'Avent #20 - Pyramide de mots - Version Noël

Cliquez ici pour prendre le quiz!

Statistiques générales

  • Ce quiz a été pris 203 fois
  • Le résultat moyen est 4 sur 7

Statistiques - réponses

LettresIndicesMots% Correct
Animal de la crèche, avec le boeufAne
93%
N,AOn le fête nouveau peu après NoëlAn
92%
Véhicule de SantaTraîneau
79%
Volcan en constante éruption, mais qui perturba
grandement le traffic aérien pour Noël 2018
Etna
65%
Action du Christ fêtée le 25 décembreNaître
49%
Métal associé au 26 nivôse, mois du
calendrier révolutionnaire de Noël
Etain
40%
Votre repas de Noël contiendra de ce composé
chimique, mais moins qu'une boisson énergissante
Taurine
14%

Distribution des résultats

Percentile par nombre de réponses

% des personnes avec chaque résultat

Votre développement - résultats

Vous n’avez pas pris ce quiz